Vácu - latviešu várdníca

Bibliographic Details
Main Author: Granta, K. (Author)
Format: Book
Language:Undetermined
PhysicalDescription:1001 s.
Published: Riga Izdevniecíba Liesma 1968
Edition:1. vyd.

MARC

LEADER 00000nam a2200000 a 4500
001 vtls001471049
003 SK-MaSNL
005 20260301041411.0
008 240315s1968 xx 0 und
035 |a SNK000426352 
040 |a SNK  |b slo  |c SNK  |e AACR2 
100 1 |a Granta, K.  |4 aut  |9 343077 
245 1 |a Vácu - latviešu várdníca 
250 |a 1. vyd. 
260 |a Riga  |b Izdevniecíba Liesma  |c 1968 
300 |a 1001 s. 
958 |a OND 
999 |c 588367  |d 590297 
952 |t P60, <04>, [BOOK], {604}  |a SNK  |b SNK  |y VYP  |7 0  |p 17A0417157  |o snkIC 57571  |i snkV 1521/74  |0 0  |1 0  |4 0  |d 2004-03-16  |l 0  |r 2005-01-02 00:00:00  |w 2026-02-23